000 00475nam a2200169 i 4500
001 51053
003 ES-MaACL
005 20230906162303.0
007 t|
008 030808s1911 fr ||||1| fre d
100 1 _aChantavoine, Jean.
_937983
245 1 4 _aLes maitres de la musique
_b: Beethoven /
_cpar Jean Chantavoine.
250 _a6eme ed.
260 _a[S.l. :
_bs.n.,
_c1911] (
_eEvreux :
_fCh. Herissey)
300 _a259 p. ;
_c20 cm.
852 _aES-MaACL
_jF-2819
999 _c51053
_d51053